000 00712nam a2200181Ia 4500
008 151018s9999 xx 000 0 und d
082 _bRBASDV27484
_a891.463
100 _aमनोहर चंपानेरकर
245 _aगणितातील कोडी आणि करामती
250 _b1
260 _bजयदीप प्रकाशन पुणे
_c1991
300 _a31
600 _aमनोहर चंपानेरकर
630 _aगणितातील कोडी आणि करामती
700 _aमनोहर चंपानेरकर
730 _aगणितातील कोडी आणि करामती
942 _cBOOK
999 _c1027074
_d1027071